000 00297nam a2200133Ia 4500
008 230822s1999 xx 000 0 und d
020 _a0-9601678-9-7
041 _aeng
082 _a720.92
100 _aHARPNESS S.P.
245 _aSUNDANCING
260 _bMIR PUBLISHERS
_c1999
300 _a208
999 _c855288
_d855288